000 00554nam a2200205Ia 4500
008 240510s9999 xx 000 0 und d
020 _a13:9780486402581
041 _aEng
082 _a004.0151
082 _bP16
100 _aPAPADIMITRIOU , CHRISTOS H.:STEIGLITZ,KENNETH
245 0 _aCombinatorial Optimization: Algorithms and Complexity
260 _bEnglewood Cliffs
260 _c1982
300 _a496 p.
650 _aComputational Complexity
942 _2ddc
_01
942 _cLBK
999 _c29240
_d29240
945 _a1
_bMadushi Gamage
_c1
_dMadushi Gamage